00369cam a22000977a 4500008004000000082001600040245012200056260005000178300000800228700003500236180718b1978 xxu||||| |||| 00| 0 eng d aR5x42 Un3/1 aTraining of trainers: first report of the training of training trainers committee 1978cby Training Services Division aLondonbHer Majesty's Stationery Officec1978 a24p aU.K.Training Services Division